000 00390nam a2200145Ia 4500
008 230917s9999||||xx |||||||||||||| ||und||
040 _e56401
_aMAIN
041 _aEnglish
082 _a828.8016 S48S:P
100 _aSwearingen, Robert G
245 4 _aThe prose writings of Robert Louis Stevenson: a guide
260 _aLondon
_bMacmillan
_c1980
300 _axxiii, 217 p.
942 _cBK
999 _c217882
_d217882